Plan Nacional de Investigacion Cientifica y Desarrollo Tecnologico (Registro nro. 7349)

Detalles MARC
000 -LEADER
campo de control de longitud fija 00903nam a2200217 i 4500
001 - NÚMERO DE CONTROL
campo de control 7349
003 - IDENTIFICADOR DE NÚMERO DE CONTROL
campo de control ES-MaACL
005 - FECHA Y HORA DE LA ÚLTIMA TRANSACCIÓN
campo de control 20230906145221.0
007 - CAMPO FIJO DE DESCRIPCIÓN FÍSICA--INFORMACIÓN GENERAL
campo de control de longitud fija t|
008 - DATOS DE LONGITUD FIJA--INFORMACIÓN GENERAL
campo de control de longitud fija 901217s1988 sp ||||1| spa d
020 ## - NÚMERO INTERNACIONAL ESTÁNDAR DEL LIBRO
Número Internacional Estándar del Libro 84-369-1423-6
080 ## - NÚMERO DE LA CLASIFICACIÓN DECIMAL UNIVERSAL
Número de la Clasificación Decimal Universal 001.891:338.98(46)
080 ## - NÚMERO DE LA CLASIFICACIÓN DECIMAL UNIVERSAL
Número de la Clasificación Decimal Universal 338.98(46):001.891
110 2# - ENTRADA PRINCIPAL--NOMBRE DE ENTIDAD CORPORATIVA
Nombre de entidad corporativa o nombre de jurisdicción como elemento de entrada España.
Unidad subordinada Plan Nacional de Investigación Científica y Desarrollo Tecnológico.
9 (RLIN) 3947
245 10 - MENCIÓN DEL TÍTULO
Título Plan Nacional de Investigacion Cientifica y Desarrollo Tecnologico
Resto del título : 1988-1991 /
Mención de responsabilidad, etc. Comision Interministerial de Ciencia y Tecnologia.
260 ## - PUBLICACIÓN, DISTRIBUCIÓN, ETC.
Lugar de publicación, distribución, etc. Madrid :
Nombre del editor, distribuidor, etc. Centro de Publicaciones, Ministerio de Educación y Ciencia,
Fecha de publicación, distribución, etc. D.L. 1988.
300 ## - DESCRIPCIÓN FÍSICA
Extensión 2 v. ;
Dimensiones 25 cm + fe de erratas.
650 #4 - PUNTO DE ACCESO ADICIONAL DE MATERIA--TÉRMINO DE MATERIA
Término de materia o nombre geográfico como elemento de entrada Investigación-
Subdivisión geográfica España-
Subdivisión general Planificación.
9 (RLIN) 13894
710 1# - ENTRADA AGREGADA--NOMBRE DE ENTIDAD CORPORATIVA
Nombre de entidad corporativa o nombre de jurisdicción como elemento de entrada España.
Unidad subordinada Comisión Interministerial de Ciencia y Tecnología.
9 (RLIN) 3636
852 ## - LOCALIZACIÓN
Ubicación ES-MaACL
Número de control de estantería L-14611-12
Sublocalización o colección R.118658
Nota libre . - cart.
Existencias
Estatus retirado Estado de pérdida Estado de daño No para préstamo Biblioteca de origen Biblioteca actual Ubicación en estantería Fecha de adquisición Fuente de adquisición Total de préstamos Signatura topográfica completa Código de barras Visto por última vez Precio de reemplazo Tipo de ítem Koha
        Biblioteca del Ateneo de Madrid Biblioteca del Ateneo de Madrid Depósito 2 17/01/2008     L-14611-12 1007496 23/02/2023 23/02/2023 Libro impreso